<?xml version="1.0" encoding="UTF-8"?><record xmlns="http://www.loc.gov/MARC21/slim" xmlns:zs="http://docs.oasis-open.org/ns/search-ws/sruResponse">
  <leader>01110cz  a2200265n  4500</leader>
  <controlfield tag="001">n  50038208 </controlfield>
  <controlfield tag="003">DLC</controlfield>
  <controlfield tag="005">20080719074824.0</controlfield>
  <controlfield tag="008">800718n| acannaabn          |b aaa      </controlfield>
  <datafield ind1=" " ind2=" " tag="010">
    <subfield code="a">n  50038208 </subfield>
  </datafield>
  <datafield ind1=" " ind2=" " tag="035">
    <subfield code="a">(OCoLC)oca00073441</subfield>
  </datafield>
  <datafield ind1=" " ind2=" " tag="040">
    <subfield code="a">DLC</subfield>
    <subfield code="b">eng</subfield>
    <subfield code="c">DLC</subfield>
    <subfield code="d">DLC</subfield>
    <subfield code="d">OCoLC</subfield>
  </datafield>
  <datafield ind1="1" ind2=" " tag="100">
    <subfield code="a">Hertz, Friedrich Otto,</subfield>
    <subfield code="d">1878-1964</subfield>
  </datafield>
  <datafield ind1="1" ind2=" " tag="400">
    <subfield code="a">Hertz, Frederick,</subfield>
    <subfield code="d">1878-1964</subfield>
  </datafield>
  <datafield ind1="1" ind2=" " tag="400">
    <subfield code="a">Hertz, F.,</subfield>
    <subfield code="d">1878-1964</subfield>
  </datafield>
  <datafield ind1="1" ind2=" " tag="400">
    <subfield code="a">Hertz, Friedr.</subfield>
    <subfield code="q">(Friedrich),</subfield>
    <subfield code="d">1878-1964</subfield>
  </datafield>
  <datafield ind1="1" ind2=" " tag="400">
    <subfield code="a">Gertt︠s︡, F. O.,</subfield>
    <subfield code="d">1878-1964</subfield>
  </datafield>
  <datafield ind1="1" ind2=" " tag="400">
    <subfield code="a">Gertt︠s︡, Fr.,</subfield>
    <subfield code="d">1878-1964</subfield>
  </datafield>
  <datafield ind1="1" ind2=" " tag="400">
    <subfield code="a">Hirtiz, Faridirīk,</subfield>
    <subfield code="d">1878-1964</subfield>
  </datafield>
  <datafield ind1="1" ind2=" " tag="400">
    <subfield code="a">Gertz, Fr.,</subfield>
    <subfield code="d">1878-1964</subfield>
  </datafield>
  <datafield ind1="1" ind2=" " tag="400">
    <subfield code="a">هرتز، فردريك،</subfield>
    <subfield code="d">1878-1964</subfield>
  </datafield>
  <datafield ind1="0" ind2=" " tag="500">
    <subfield code="a">Germanus Liber,</subfield>
    <subfield code="d">1878-1964</subfield>
  </datafield>
  <datafield ind1=" " ind2=" " tag="667">
    <subfield code="a">Machine-derived non-Latin script reference project.</subfield>
  </datafield>
  <datafield ind1=" " ind2=" " tag="667">
    <subfield code="a">Non-Latin script reference not evaluated.</subfield>
  </datafield>
  <datafield ind1=" " ind2=" " tag="670">
    <subfield code="a">OCLC, Apr. 23, 2008</subfield>
    <subfield code="b">(hdgs.: Hertz, Friedrich Otto, 1878-1964; Hertz, Frederick, 1878-1964; usage: Friedrich Otto Hertz; Frederick Hertz; F. Hertz; Friedr. Hertz; F.O. Gertt︠s︡; Fr. Gertt︠s︡; Faridirīk Hirtiz; Fr. Gertz; Germanus Liber)</subfield>
  </datafield>
</record>
